000 00944nam a2200301 i 4500
003 EG-GICUC
005 20260328063948.0
008 260328s1960 -uk||||fr ||| 001 0 eng d
040 _aEG-GICUC
_cEG-GICUC
_dEG-GICUC
_erda
_beng
041 _aeng
082 0 4 _221
_a341.48
_bJE . R
092 0 4 _221
099 _aLaw1 11 341.48 JE . R 1960
100 1 _aJenks, C. Wilfred
_eAuthor.
245 1 0 _aHuman Rights :
_bAnd International Labour Standards /
_cBy C. Wilfred Jenks,
264 1 _aLondon :
_bStevens & Sons,
_c1960.
300 _a159 Pages;
_c24 cm.
336 _atext
_2rda content
337 _aComputer
_2rda media
338 _aOnline Resource
_2rda carrier
500 _a
504 _aIncludes bibliographical references and index.
546 _aText in English
650 1 4 _aPublic international law
856 _uhttps://fll.law.cu.edu.eg/fulltext/th/B11-08891.pdf
905 _a48
942 _2ddc
_cBK
_e21
_n0
999 _c67056
_d67056